Famous Survivor Quotes - Statistics

General Stats
  • This quiz has been taken 3,016 times
  • The average score is 9 of 15
Answer Stats
Quote Contestant % Correct
"My grandma's at home watching Jerry Springer right now" Jon "Jonny Fairplay" Dalton
89%
Last time I was mean and this time I'm meaner, you know I'll lie I don't care, but I'll make up a good lie. Sandra Diaz-Twine
85%
"I think J.T. just handed me one million dollars." Russell Hantz
80%
"If these people are smart they get rid of me right away, it's the smartest thing they can do, but they won't, they never do." Robert "Boston Rob" Mariano
78%
"It's a f**king stick!" Eliza Orlins
77%
"Like I’m going to keep anyone warm?! I weight seven pounds… I can’t even keep myself warm! Get off of me!" Courtney Yates
67%
"Jonny Fairplay is Jonny pain in the ass now to me" Rupert Boneham
64%
My name is _______________ and I played the character of Blair Warner on the show called The Facts of Life. Lisa Whelchel
57%
"I never liked Sierra, ever, I have no clue why she's out here, other than to just give hope to stupid people around the world. Tyson Apostol
54%
"I'm living the mutinies life, I'm on the outside, I made the game much harder for myself" Johnathan Penner
42%
Abi is a bit like having a girlfriend who just doesn't get the message and won't leave even after you have broken up with her. she's bitter. She hasn't forgiven you. You're not getting the benefits of having a girlfriend around anymore. It's the worst situation possible. Malcolm Freberg
42%
"Bye, guys. Hope you all get bit by a freakin' crocodile. Scumbags." Judd Sergeant
40%
"YOU HAVE MADE MY LIFE HELL FROM DAY ONE. FORGET YOU, GO HOME, GOODBYE. Crystal Cox
33%
"Making love is my sport, Jeff," Dave Ball
33%
"And Shii Ann's over there trying to make an alliance with a bush" Tom Buchanan
23%
No matching quizzes found
Score Distribution
Percent of People with Each Score
Percentile by Number Answered
Your Score History
You have not taken this quiz